Statistics for Dutch Cities Map Quiz

Click here to take the quiz!

General Stats

  • This quiz has been taken 269 times
  • The average score is 11 of 15

Answers on the Map

Answers color-coded by a green-red scale on the quiz's map according to % correct below.
 

Answer Stats

Answer% Correct
Amsterdam
95%
Rotterdam
86%
Utrecht
86%
Groningen
85%
The Hague
79%
Maastricht
77%
Haarlem
73%
Leeuwarden
73%
Eindhoven
72%
Breda
69%
Nijmegen
67%
's-Hertogenbosch (Den Bosch)
67%
Assen
66%
Enschede
65%
Heerlen
60%

Score Distribution

Percentile by Number Answered

Percent of People with Each Score

Your Score History

You have not taken this quiz